000 00536nam a2200181Ia 4500
005 20250423095634.0
008 250422s9999 xx 000 0 und d
020 _a9781032286662
050 _aHD 728.78 .B26/
100 _aBorisova, Neli.
245 0 _aHouses of multiple occupation and selective licensing
260 _aNew York
260 _bRoutledge
260 _c2023
300 _aix, 195p.: ill.
650 _aApartment houses--Law and legislation--England. Apartment houses--Law and legislation--Wales.
942 _cBK
999 _c30881
_d30881